000 00478nam a2200181Ia 4500
001 25224
005 20260414151135.0
008 260414t2021||||xx |||||||||||||| ||spa||
041 _aESP
082 _a346.4
_bS23
100 _aSánchez Coronado, Carlos Alberto
_eAUT
245 0 _aTutela de los derechos reales :
_bpropiedad, posesión y usucapión
260 _c2021
300 _a428 páginas :
_c25 cm.
650 _aDER
654 _aCDE
942 _cLIB
_dJUS
_fJUS
_2ddc
_n
999 _c25224
_d25224